Les 20 villes du monde où il fait le plus bon vivre - Statistiques

Statistiques générales
  • Ce quiz a été pris 67 fois
  • Le résultat moyen est 8 sur 20
Statistiques - réponses
Classement Ville % Correct
15 Tokyo
77%
18 Berlin
63%
4 Sydney
61%
2 Copenhague
59%
14 Helsinki
55%
20 Amsterdam
52%
8 Genève
46%
1 Vienne
46%
6 Zurich
46%
9 Toronto
45%
3 Melbourne
36%
5 Vancouver
30%
10 Osaka
29%
13 Perth
25%
16 Brisbane
21%
11 Auckland
20%
12 Adelaide
16%
19 Luxembourg
16%
17 Francfort
13%
7 Calgary
7%
Aucun quiz correspondant
Distribution des résultats
% des personnes avec chaque résultat
Percentile par nombre de réponses
Votre historique - résultats
Vous n’avez pas pris ce quiz